Ekonomické vztahy mezi Východem a Západem

Salvato in:
Dettagli Bibliografici
Autore principale: Hrubý, Jiří
Natura: Libro
Lingua:ceco
Pubblicazione: Praha Ústředí vědeckých, technických a ekonomických informací 1987
Tags: Aggiungi Tag
Nessun Tag, puoi essere il primo ad aggiungerne!!

MARC

LEADER 00000nam a2200000 4500
001 c034681
005 20251111094254.3
041 0 |a cze 
044 |a CZ 
245 1 0 |a Ekonomické vztahy mezi Východem a Západem  |c Jiří Hrubý 
264 1 |a Praha  |b Ústředí vědeckých, technických a ekonomických informací  |c 1987 
300 |a 48 s. 
100 1 |a Hrubý, Jiří